| 000 | 00677nam a22002177a 4500 | ||
|---|---|---|---|
| 003 | OSt | ||
| 005 | 20180319143048.0 | ||
| 008 | 150421b xxu||||| |||| 00| 0 eng d | ||
| 020 | _a978-958-380-761-4 | ||
| 040 |
_aBCRI _bspa _cBCRI |
||
| 082 | _a006.66 | ||
| 082 | _a005.13 | ||
| 100 | 1 |
_933645 _aLópez Román, Leobardo |
|
| 245 | 1 | 0 |
_aMetodología de la programación orientada a objetos _cLeobardo López Román |
| 260 | 0 |
_aMéxico D. F. _bAlfaomega Editores _c2009 |
|
| 300 |
_a453 p. _bil. _c23 cm |
||
| 500 | _aÍndice p. 15-18 | ||
| 650 | 2 | 4 |
_93368 _aMetodología |
| 650 | 2 | 4 |
_91634 _aProgramación orientada a objetos _x(Computación) |
| 942 |
_2ddc _cBK _hprozim |
||
| 999 |
_c20321 _d20321 |
||